Appreciating Asperger syndrome : looking at the upside, with 300 positive points (Record no. 402412)

MARC details
000 -LEADER
fixed length control field 00281nam a2200085Ia 4500
008 - FIXED-LENGTH DATA ELEMENTS--GENERAL INFORMATION
fixed length control field 210817s9999 xx 000 0 und d
100 ## - MAIN ENTRY--PERSONAL NAME
Personal name Boyd, Brenda London, 2009
9 (RLIN) 96093
245 #0 - TITLE STATEMENT
Title Appreciating Asperger syndrome : looking at the upside, with 300 positive points
942 ## - ADDED ENTRY ELEMENTS
item type Books
Holdings
Withdrawn status Lost status Damaged status Not for loan Home library Current library Date acquired Cost, normal purchase price Total Checkouts Barcode Date last seen Price effective from item type
        Volksrust Volksrust 20.08.2021 166.00   33228022586018 20.08.2021 20.08.2021 Books